Women of Power : half a century of female presidents and prime ministers worldwide (Record no. 43)
[ view plain ]
| 000 -LEADER | |
|---|---|
| fixed length control field | 00511nam a2200181Ia 4500 |
| 008 - FIXED-LENGTH DATA ELEMENTS--GENERAL INFORMATION | |
| fixed length control field | 240428s9999||||xx |||||||||||||| ||und|| |
| 020 ## - INTERNATIONAL STANDARD BOOK NUMBER | |
| International Standard Book Number | 0821352032 |
| 041 ## - LANGUAGE CODE | |
| Language code of text/sound track or separate title | eng |
| 082 ## - DEWEY DECIMAL CLASSIFICATION NUMBER | |
| Classification number | 305.4S |
| 100 ## - MAIN ENTRY--PERSONAL NAME | |
| Personal name | Skard, Torild |
| 245 #0 - TITLE STATEMENT | |
| Title | Women of Power : half a century of female presidents and prime ministers worldwide |
| 250 ## - EDITION STATEMENT | |
| Edition statement | xiii,586p.:diags,grath |
| 260 ## - PUBLICATION, DISTRIBUTION, ETC. | |
| Name of publisher, distributor, etc. | Policy Press |
| Place of publication, distribution, etc. | Bristol |
| Date of publication, distribution, etc. | 2015 |
| 300 ## - PHYSICAL DESCRIPTION | |
| Extent | xiii,586p.:illus |
| 650 ## - SUBJECT ADDED ENTRY--TOPICAL TERM | |
| Topical term or geographic name entry element | Women in Politics - Women in Leadership |
| 942 ## - ADDED ENTRY ELEMENTS (KOHA) | |
| Koha item type | Books |
| Withdrawn status | Lost status | Damaged status | Not for loan | Home library | Current library | Shelving location | Date acquired | Total checkouts | Full call number | Date last seen | Copy number | Price effective from | Koha item type |
|---|---|---|---|---|---|---|---|---|---|---|---|---|---|
| Main Library | Main Library | Open Shelves | 23/07/2021 | 305.4S 623 C1 - 305.4S 624 C2 | 29/04/2024 | 1 | 29/04/2024 | Books |